Vláda podporila budúcnosť lodeníc
Vláda podporila Slovenské lodenice Komárno (SLKB), a.s. Bratislava poskytnutím štátnej garancie na úver na stavbu troch lodí pre nemeckých odberateľov. Vznik novej firmy namiesto pôvodnej Slovenské lodenice (SLK), a.s. Komárno. Manipulačné pole lodeníc má pod kontrolou správca konkurznej podstaty Sl...
Salvato in:
| Autore principale: | |
|---|---|
| Natura: | Capitolo di libro |
| Lingua: | slovacco |
| Soggetti: | |
| Tags: |
Nessun Tag, puoi essere il primo ad aggiungerne!!
|
MARC
| LEADER | 00000naa a2200000 4500 | ||
|---|---|---|---|
| 001 | r040371 | ||
| 005 | 20230921111145.8 | ||
| 041 | 0 | |a slo | |
| 044 | |a SK | ||
| 245 | 1 | 0 | |a Vláda podporila budúcnosť lodeníc |c Gabriel Beer |
| 520 | |a Vláda podporila Slovenské lodenice Komárno (SLKB), a.s. Bratislava poskytnutím štátnej garancie na úver na stavbu troch lodí pre nemeckých odberateľov. Vznik novej firmy namiesto pôvodnej Slovenské lodenice (SLK), a.s. Komárno. Manipulačné pole lodeníc má pod kontrolou správca konkurznej podstaty Slovenskej kreditnej banky, a.s. Bratislava. Vo vlastníctve bánk budú aj rozpracované lode. | ||
| 610 | 2 | 0 | |a lode |
| 610 | 2 | 0 | |a lodenice |
| 610 | 2 | 0 | |a Slovensko |
| 610 | 2 | 0 | |a odberatelia |
| 610 | 2 | 0 | |a Nemecko |
| 610 | 2 | 0 | |a konkurzy |
| 610 | 2 | 0 | |a výroba |
| 610 | 2 | 0 | |a Slovenské lodenice Komárno, a.s. Bratislava |
| 610 | 2 | 0 | |a Slovenské lodenice, a.s. Komárno |
| 100 | 1 | |a Beer, Gabriel | |